La revolución constitucionalista, los Estados Unidos y el "A. B. C." : (Record no. 126749)

MARC details
000 -LEADER
campo de control de longitud fija 01074nam a2200205 i 4500
001 - NÚMERO DE CONTROL
campo de control 126749
003 - IDENTIFICADOR DE NÚMERO DE CONTROL
campo de control ES-MaACL
005 - FECHA Y HORA DE LA ÚLTIMA TRANSACCIÓN
campo de control 20250830234019.0
007 - CAMPO FIJO DE DESCRIPCIÓN FÍSICA--INFORMACIÓN GENERAL
campo de control de longitud fija t|
008 - DATOS DE LONGITUD FIJA--INFORMACIÓN GENERAL
campo de control de longitud fija 070214s1916 mx r ||||1| spa d
245 03 - MENCIÓN DEL TÍTULO
Título La revolución constitucionalista, los Estados Unidos y el "A. B. C." :
Resto del título recopilación de documentos y artículos notables referentes a la intromisión de elementos extranjeros en los asuntos interiores de México y a la patriótica actitud asumida por el C. primer jefe Venustiano Carranza /
Mención de responsabilidad, etc. reconocimiento del gobierno constitucionalista por las naciones de Europa, Asia y América ; Los últimos incidentes internacionales.
260 ## - PUBLICACIÓN, DISTRIBUCIÓN, ETC.
Lugar de publicación, distribución, etc. México :
Nombre del editor, distribuidor, etc. [s.n.],
Fecha de publicación, distribución, etc. 1916 (
Fabricante Tall. de `Revista de Revistas`)
300 ## - DESCRIPCIÓN FÍSICA
Extensión 301 p., 1 lám. ;
Dimensiones 22 cm.
600 14 - PUNTO DE ACCESO ADICIONAL DE MATERIA--NOMBRE DE PERSONA
Nombre de persona Alducín, Rafael.
9 (RLIN) 159528
651 ## - PUNTO DE ACCESO ADICIONAL DE MATERIA--NOMBRE GEOGRÁFICO
Nombre geográfico México-
Subdivisión general Historia-
Subdivisión cronológica 1910-1917, Revolución armada.
9 (RLIN) 151495
651 #4 - PUNTO DE ACCESO ADICIONAL DE MATERIA--NOMBRE GEOGRÁFICO
Nombre geográfico México-
Subdivisión general Relaciones-
Subdivisión geográfica Estados Unidos.
9 (RLIN) 9074
651 #4 - PUNTO DE ACCESO ADICIONAL DE MATERIA--NOMBRE GEOGRÁFICO
Nombre geográfico Estados Unidos-
Subdivisión general Relaciones-
Subdivisión geográfica México
9 (RLIN) 8565
852 ## - LOCALIZACIÓN
Ubicación ES-MaACL
Número de control de estantería G-1866
Holdings
Estatus retirado Estado de pérdida Estado de daño No para préstamo Biblioteca de origen Biblioteca actual Ubicación en estantería Fecha de adquisición Fuente de adquisición Total de préstamos Signatura topográfica completa Código de barras Visto por última vez Precio de reemplazo Tipo de ítem Koha
        Biblioteca del Ateneo de Madrid Biblioteca del Ateneo de Madrid Depósito 2 17/01/2008     G-1866 1132021 23/02/2023 23/02/2023 Libro impreso